| 000 | 00786nam a2200217 a 4500 | ||
|---|---|---|---|
| 003 | 0 | ||
| 005 | 20250429095619.0 | ||
| 008 | 050808s19uu xx 00 eng d | ||
| 050 |
_aPHS HQ 799.2.M35 _b.C67 2005 |
||
| 100 | _aCosgayon, Austin James. | ||
| 245 |
_aA Study on the awareness of Filipino teenagers on metrosexuality / _cAustin James Cosgayon. |
||
| 260 |
_aLas PiƱas City, Philippines : _bSouthville International School and Colleges, _c2005. |
||
| 300 |
_a27 pages ; _c28 cm. |
||
| 504 | _aIncludes bibliographical references. | ||
| 650 | _aMetrosexuality (Personality trait). | ||
| 650 |
_aMasculinity _xSocial aspects _zPhilippines. |
||
| 650 |
_aGender identity _zPhilippines. |
||
| 650 |
_aTeenagers _zPhilippines _xAttitudes. |
||
| 942 |
_2lcc _cPASS |
||
| 999 |
_c97211 _d97211 |
||